000 00378nam a2200157Ia 4500
999 _c1132
_d1132
003 MAJU-Karachi
005 20250602121428.0
008 190722s9999 xx 000 0 und d
020 _a978-93-325-1864-3
040 _a0
_c0
100 _aJon Kleinberg
245 0 _aAlgorithm Design and Applications
260 _aIndia
_bPearson
_c2017
300 _a824
942 _cBK
_2ddc